000 007350000a22002530004500
003 LK-CoMWRAF
005 20231109112255.0
008 230817t2002 ||||| |||| 00| 0 eng d
020 _a8176492795
040 _aLK-CoMWRAF
_dLK-CoMWRAF
_eLK-CoMWRAF
041 _aeng
082 _a950
_bSAR
100 _aSardar, Ziauddin
245 _aOrientalism
260 _aNewDelhi:
_bViva books,
_c2002
300 _aviii, 136 p. ; 22 cm.
_bBibliography and index included
490 _aConcepts in the Social Sciences
650 _aORIENTALISM
650 _aImperialism
650 _aAsia-Foreign public opinion, Western
650 _aMiddle East--Foreign public opinion, Western
650 _aStudy and teaching-Asia
942 _cBK
999 _c1104
_d1104